Camino de servidumbre / (Record no. 78786)

MARC details
000 -LEADER
campo de control de longitud fija 00867nam a2200229 i 4500
001 - NÚMERO DE CONTROL
campo de control 78786
003 - IDENTIFICADOR DE NÚMERO DE CONTROL
campo de control ES-MaACL
005 - FECHA Y HORA DE LA ÚLTIMA TRANSACCIÓN
campo de control 20250819165240.0
007 - CAMPO FIJO DE DESCRIPCIÓN FÍSICA--INFORMACIÓN GENERAL
campo de control de longitud fija t|
008 - DATOS DE LONGITUD FIJA--INFORMACIÓN GENERAL
campo de control de longitud fija 041018s1946 sp ||||1| spa d
100 1# - ENTRADA PRINCIPAL--NOMBRE DE PERSONA
Nombre de persona Hayek, Friedrich A. von.
9 (RLIN) 62190
245 10 - MENCIÓN DEL TÍTULO
Título Camino de servidumbre /
Mención de responsabilidad, etc. Friedrich A. von Hayek ; traducción del inglés por J. Vergara Doncel.
260 ## - PUBLICACIÓN, DISTRIBUCIÓN, ETC.
Lugar de publicación, distribución, etc. Madrid :
Nombre del editor, distribuidor, etc. Revista de Derecho Privado,
Fecha de publicación, distribución, etc. [1946] (
Fabricante Samarán)
300 ## - DESCRIPCIÓN FÍSICA
Extensión XX, 245 p., 1 lám., 1 h. ;
Dimensiones 22 cm.
490 1# - MENCIÓN DE SERIE
Mención de serie Revista de Derecho Privado. Serie E. Tratados y monografías de economía y hacienda ;
Designación de volumen o secuencia 14
650 04 - PUNTO DE ACCESO ADICIONAL DE MATERIA--TÉRMINO DE MATERIA
Término de materia o nombre geográfico como elemento de entrada Economía marxista.
9 (RLIN) 12033
650 07 - PUNTO DE ACCESO ADICIONAL DE MATERIA--TÉRMINO DE MATERIA
Término de materia o nombre geográfico como elemento de entrada Totalitarismo
Fuente del encabezamiento o término embne
9 (RLIN) 17571
700 0# - ENTRADA AGREGADA--NOMBRE PERSONAL
Nombre de persona Vergara Doncel, José.
9 (RLIN) 114087
830 00 - PUNTO DE ACCESO ADICIONAL DE SERIE-TÍTULO UNIFORME
Título uniforme Revista de derecho privado
Designación de volumen o secuencia 14
9 (RLIN) 232247
852 ## - LOCALIZACIÓN
Ubicación ES-MaACL
Número de control de estantería E-1893
Sublocalización o colección R.22842
Holdings
Estatus retirado Estado de pérdida Estado de daño No para préstamo Biblioteca de origen Biblioteca actual Ubicación en estantería Fecha de adquisición Fuente de adquisición Total de préstamos Signatura topográfica completa Código de barras Visto por última vez Precio de reemplazo Tipo de ítem Koha
        Biblioteca del Ateneo de Madrid Biblioteca del Ateneo de Madrid Depósito 2 17/01/2008     E-1893 1082399 23/02/2023 23/02/2023 Libro impreso